01466cam a22003614i 4500003000900000005001700009008004100026035001700067040003300084082002100117100003300138245011600171264008900287300004400376336002100420337002500441338002300466504002400489505042900513526001000942526001000952526001000962526001000972526000800982526000800990526000800998526000801006526000801014526000801022526000801030650005201038650001401090PE-LiUPU20250731173439.0150616s r 000 0 d a(Sirsi) a562 aPE-LiUPUbspacPE-LiUPUerda04a289.309bH562211 aHinckley, Gordon B.,eautor.10aWhat of the mormons?: a short history of the church of Jesus Christ of latter-day saints /cGordon B. Hinckley. 1aUnited States of America :bThe church of Jesus Christ of latter-day saints,c1947]. a230 páginas :bilustraciones ;c23 cm atext2rdacontent aunmediated2rdamedia avolume2rdacarrier aNota Bibliografica.0 aThe question -- Who are they? -- What do they believe? -- What is their program? -- What is their organization? -- Génesis -- An angel and a book -- The power of god among men -- The church organized -- Mormonism in ohio -- The church in Missouri -- Nauvoo, the beautiful -- The martyrs -- Exodus -- To the promised land -- Pioneering the wilderness -- Years of conflict -- Years of endurance -- The sunshine of good will. aSEG42 aSEG41 aSEG40 aSEG39 aP94 aP87 aP86 aP85 aP77 aP76 aP3504aRevista de la nueva era(Salt Lake City, Utah) .04aMormones.